Sporting de Gijón Squad 2015-2016 - Statistics

General Stats
  • This quiz has been taken 27 times
  • The average score is 17 of 28
Answer Stats
# Position Nation Player % Correct
1 GK Spain Iván Cuéllar
100%
25 MF Croatia Alen Halilović
92%
20 FW Paraguay Antonio Sanabria
92%
2 DF Spain Luis Hernández
92%
5 DF Colombia Bernardo Espinosa
85%
- Coach Spain Abelardo Fernández
77%
19 FW Spain Carlos Carmona
77%
16 FW Spain Carlos Castro
77%
23 FW Spain Jony
77%
28 DF Spain Jorge Meré
77%
10 MF Spain Nacho Cases
77%
22 MF Spain Pablo Pérez
77%
6 MF Spain Sergio Álvarez
77%
13 GK Spain Alberto García
69%
11 DF Spain Alberto Lora
69%
18 DF Spain Isma López
69%
15 DF Spain Roberto Canella
69%
33 MF Cameroon Dani Ndi
62%
3 DF Spain Álex Menéndez
54%
9 FW Spain Miguel Ángel Guerrero
54%
21 DF Bosnia and Herzegovina Ognjen Vranješ
46%
17 MF Spain Omar Mascarell
38%
24 MF Algeria Rachid Aït-Atmane
38%
4 DF Chile Igor Lichnovsky
23%
7 MF Spain Juan Muñiz
23%
21 FW Spain Hugo Fraile
15%
14 DF Spain Alberto Guitián
8%
8 MF Spain Álex Barrera
8%
No matching quizzes found
Score Distribution
Percent of People with Each Score
Percentile by Number Answered
Your Score History
You have not taken this quiz